000
00345nam a2200133Ia 4500
008
231129s1996||||xx |||||||||||||| ||spa||
020
_a
958-9261-33-7
040
_b
spa
082
_a
R 004.0223 A881
245
0
_a
Atlas de informatica
260
_c
1996
264
_a
Pev-Iatros Ediciones
942
_2
ddc
_c
BKS
999
_c
5805
_d
5805